[Event "candidates (w)"]
[Site "Tsqaltubo URS"]
[Date "1988.??.??"]
[Round "1"]
[White "Brustman, Agnieszka"]
[Black "Litinskaya, Marta"]
[Result "0-1"]
[WhiteElo "2395"]
[BlackElo "2415"]
[EventDate "1988.01.??"]
[PlyCount "74"]

1.e4 e5 2.Nf3 Nc6 3.Bb5 Nf6 4.O-O Nxe4 5.d4 a6 6.Ba4 Be7 7.dxe5 O-O 8.Bf4 
Nc5 9.Nc3 Nxa4 10.Nxa4 f6 11.exf6 Bxf6 12.Qd5+ Kh8 13.Ng5 Bxg5 14.Bxg5 Qe8
15.Rae1 Qg6 16.Be7 Re8 17.Bh4 d6 18.Rxe8+ Qxe8 19.Nc3 Be6 20.Qd2 Qg6 21.
Bg3 h6 22.Ne2 Qf6 23.c3 Bf7 24.b3 a5 25.Nd4 Nxd4 26.cxd4 a4 27.Qb4 axb3 
28.axb3 Bd5 29.h3 Ra6 30.Rc1 Qf7 31.Rc3 Ra1+ 32.Kh2 Qf5 33.f3 Qb1 34.Bf4 
Qg1+ 35.Kg3 Ra2 36.Qb5 Rxg2+ 37.Kh4 Qf2+ 0-1

[Event "candidates (w)"]
[Site "Tsqaltubo URS"]
[Date "1988.??.??"]
[Round "2"]
[White "Akhmilovskaya, Elena"]
[Black "Alexandria, Nana"]
[Result "1-0"]
[WhiteElo "2400"]
[BlackElo "2415"]
[EventDate "1988.01.??"]
[PlyCount "79"]

1.d4 Nf6 2.c4 e6 3.Nc3 Bb4 4.g3 c5 5.Nf3 cxd4 6.Nxd4 O-O 7.Bg2 d5 8.O-O 
dxc4 9.Qa4 Qa5 10.Qxa5 Bxa5 11.Ndb5 Nc6 12.Rd1 Rb8 13.Be3 a6 14.Nd6 Bxc3 
15.bxc3 Nd5 16.Bxd5 exd5 17.Rxd5 Be6 18.Rc5 Ne7 19.Nxc4 Nd5 20.Bd4 b6 21.
Rxd5 Bxd5 22.Nxb6 Rfd8 23.a4 a5 24.Rb1 h6 25.f3 Bc6 26.Rb2 g5 27.Kf2 Rb7 
28.g4 h5 29.h3 hxg4 30.hxg4 Rd6 31.e4 Rh6 32.Ke3 f6 33.c4 Kf7 34.c5 Rh1 
35.Rd2 Rc1 36.Kf2 Rh1 37.Ke3 Rc1 38.Rh2 Rd1 39.Rh8 Re1+ 40.Kd2 1-0

[Event "candidates (w)"]
[Site "Tsqaltubo URS"]
[Date "1988.??.??"]
[Round "2"]
[White "Gaprindashvili, Nona"]
[Black "Brustman, Agnieszka"]
[Result "1-0"]
[WhiteElo "2485"]
[BlackElo "2395"]
[EventDate "1988.01.??"]
[PlyCount "81"]

1.d4 Nf6 2.c4 g6 3.Nc3 Bg7 4.e4 d6 5.Be2 O-O 6.Bg5 c5 7.d5 h6 8.Bf4 e6 9.
dxe6 Bxe6 10.Qd2 Qb6 11.Bxh6 Bxh6 12.Qxh6 Qxb2 13.Rc1 Nc6 14.h4 Ne5 15.Nh3
Bxh3 16.Rxh3 Nfg4 17.Qf4 f5 18.Rb1 Qc2 19.exf5 Rxf5 20.Qe4 Qxe4 21.Nxe4 
Rf4 22.f3 Ne3 23.Rxb7 Rf7 24.Rxf7 Kxf7 25.Kf2 N5xc4 26.f4 d5 27.Nxc5 Rc8 
28.Nb3 Nf5 29.h5 Ncd6 30.hxg6+ Kxg6 31.Bd3 Ne4+ 32.Kf3 Rc3 33.Ke2 Rc8 34.
g4 Nfd6 35.Ke3 Kg7 36.Kd4 Nf2 37.Rh7+ Kg8 38.Rd7 Nxd3 39.Kxd3 Ne4 40.Rxd5 
Nf2+ 41.Kd4 1-0

[Event "candidates (w)"]
[Site "Tsqaltubo URS"]
[Date "1988.??.??"]
[Round "2"]
[White "Litinskaya, Marta"]
[Black "Arakhamia, Ketevan"]
[Result "1-0"]
[WhiteElo "2415"]
[BlackElo "2420"]
[EventDate "1988.01.??"]
[PlyCount "85"]

1.d4 d5 2.c4 e6 3.Nf3 Nf6 4.e3 c6 5.Nbd2 Nbd7 6.Bd3 dxc4 7.Nxc4 b5 8.Nce5 
Nxe5 9.Nxe5 Bb7 10.O-O Bd6 11.f4 O-O 12.Qf3 Rb8 13.Qh3 c5 14.Ng4 g6 15.Nf2
cxd4 16.e4 Be7 17.Bd2 Qd7 18.Rae1 Rfe8 19.f5 exf5 20.exf5 Bc6 21.Bg5 Nd5 
22.Rxe7 Rxe7 23.Ng4 h5 24.Nh6+ Kh8 25.Bxe7 Qxe7 26.Nxf7+ Qxf7 27.fxg6 Qe7 
28.Qxh5+ Kg8 29.Rf7 Nf6 30.Qg5 Qe1+ 31.Bf1 Qe3+ 32.Qxe3 dxe3 33.Rxf6 Bd5 
34.Rf5 Bxa2 35.Re5 Bb1 36.Bxb5 Bxg6 37.Bc4+ Kf8 38.b3 Re8 39.Rxe8+ Kxe8 
40.Kf1 Bh5 41.Ke1 a5 42.h3 Ke7 43.g4 1-0

[Event "candidates (w)"]
[Site "Tsqaltubo URS"]
[Date "1988.??.??"]
[Round "3"]
[White "Alexandria, Nana"]
[Black "Litinskaya, Marta"]
[Result "0-1"]
[WhiteElo "2415"]
[BlackElo "2415"]
[EventDate "1988.01.??"]
[PlyCount "112"]

1.d4 Nf6 2.c4 e6 3.Nf3 d5 4.Nc3 dxc4 5.Bg5 Bb4 6.Qa4+ Nc6 7.a3 Bxc3+ 8.
bxc3 Qd5 9.Bxf6 gxf6 10.Nd2 b5 11.Qc2 a6 12.e4 Qd7 13.f4 Bb7 14.Be2 Ne7 
15.O-O f5 16.Bf3 c5 17.exf5 Nxf5 18.Rae1 Bxf3 19.Nxf3 O-O-O 20.dxc5 Qc7 
21.Re5 Rd3 22.a4 Ne3 23.Rxe3 Qxc5 24.Nd4 Rxe3 25.axb5 axb5 26.Rb1 Rd8 27.
Rxb5 Qa7 28.Rb1 Rxc3 29.Qxc3 Qxd4+ 30.Qxd4 Rxd4 31.g3 Kc7 32.Kf2 Kc6 33.
Ke3 Rd3+ 34.Ke2 Rb3 35.Ra1 Rb2+ 36.Ke3 Rxh2 37.Kd4 Rg2 38.f5 Rxg3 39.fxe6 
Rg4+ 40.Kc3 fxe6 41.Rh1 Kd5 42.Rxh7 Rg3+ 43.Kc2 e5 44.Rd7+ Ke4 45.Re7 Ra3 
46.Rc7 Kd4 47.Rd7+ Ke3 48.Rc7 c3 49.Rh7 e4 50.Rc7 Ke2 51.Rh7 e3 52.Re7 Kf2
53.Rf7+ Ke1 54.Kd3 e2 55.Kc2 Ra2+ 56.Kxc3 Kd1 0-1

[Event "candidates (w)"]
[Site "Tsqaltubo URS"]
[Date "1988.??.??"]
[Round "3"]
[White "Brustman, Agnieszka"]
[Black "Ioseliani, Nana"]
[Result "0-1"]
[WhiteElo "2455"]
[BlackElo "2395"]
[EventDate "1988.01.??"]
[PlyCount "100"]

1.e4 e5 2.Nf3 Nc6 3.Bb5 a6 4.Ba4 d6 5.O-O Bd7 6.c3 g6 7.d4 Bg7 8.Re1 Nge7 
9.Be3 O-O 10.Nbd2 h6 11.dxe5 dxe5 12.Bc5 b6 13.Ba3 b5 14.Bc2 Re8 15.Qe2 g5
16.Nb3 Ng6 17.Bc5 Qf6 18.Nfd2 Nf4 19.Qf1 Rad8 20.Be3 Bf8 21.Red1 Ne7 22.
Nc5 Bc8 23.a4 Neg6 24.Ndb3 Nh4 25.Bxf4 gxf4 26.f3 Bd6 27.Kh1 Kh8 28.Nd3 
Rg8 29.Ne1 Be6 30.axb5 axb5 31.Rd2 Rg7 32.Rad1 Rdg8 33.Qf2 Qg5 34.Re2 Qh5 
35.Rdd2 Bc4 36.Qf1 Bxe2 37.Rxe2 c6 38.Rd2 Bc7 39.Nc1 Bb6 40.Ncd3 Be3 41.
Re2 Qg5 42.Nb4 Qf6 43.Bb3 Rg5 44.Nbd3 Qg6 45.c4 Qh5 46.Nf2 Rxg2 47.Nxg2 
Qxf3 48.Bd1 Rxg2 49.Rxe3 Qxe3 50.Ng4 Qxe4 0-1

[Event "candidates (w)"]
[Site "Tsqaltubo URS"]
[Date "1988.??.??"]
[Round "4"]
[White "Brustman, Agnieszka"]
[Black "Arakhamia, Ketevan"]
[Result "1-0"]
[WhiteElo "2395"]
[BlackElo "2420"]
[EventDate "1988.01.??"]
[PlyCount "73"]

1.e4 c5 2.Nf3 Nc6 3.c3 e5 4.Bc4 d6 5.h3 Be7 6.O-O Nf6 7.Re1 O-O 8.Bb3 b5 
9.d4 Qc7 10.d5 Na5 11.Bc2 c4 12.Nbd2 Bd7 13.Nf1 Nb7 14.g4 a5 15.Ng3 Nc5 
16.Kh1 b4 17.Nf5 Bxf5 18.gxf5 Rfc8 19.Nh2 bxc3 20.bxc3 Nd3 21.Bxd3 cxd3 
22.Bd2 Qc4 23.f3 Rab8 24.Qc1 Kh8 25.Rg1 Rg8 26.Rg2 Qc7 27.Ng4 Nh5 28.Nf2 
Qc4 29.Qf1 Rb2 30.Qxd3 Rc8 31.Qxc4 Rxc4 32.Nd3 Rb7 33.Rgg1 Bd8 34.Rab1 
Rcc7 35.c4 Ng3+ 36.Kh2 Ne2 37.Rge1 1-0

[Event "candidates (w)"]
[Site "Tsqaltubo URS"]
[Date "1988.??.??"]
[Round "4"]
[White "Litinskaya, Marta"]
[Black "Levitina, Irina"]
[Result "1-0"]
[WhiteElo "2415"]
[BlackElo "2355"]
[EventDate "1988.01.??"]
[PlyCount "77"]

1.d4 Nf6 2.c4 c5 3.d5 e6 4.Nc3 exd5 5.cxd5 d6 6.Nf3 g6 7.Bf4 Bg7 8.Qa4+ 
Bd7 9.Qb3 b5 10.Bxd6 Qb6 11.Bg3 O-O 12.e3 c4 13.Qd1 b4 14.Nb1 Bb5 15.a4 
Ba6 16.Be5 Nbd7 17.Bd4 Qd6 18.Nbd2 Rac8 19.Rc1 c3 20.bxc3 bxc3 21.Rxc3 
Nxd5 22.Rxc8 Rxc8 23.Bxg7 Kxg7 24.Qa1+ Kg8 25.Bb5 Nc3 26.Nd4 Bxb5 27.axb5 
Qb4 28.O-O Rc7 29.N2f3 Qa4 30.Qxa4 Nxa4 31.h4 Nc3 32.Ra1 Rb7 33.Ra5 Nf6 
34.Ne5 Nfe4 35.Nec6 Nd1 36.f3 Nd6 37.e4 Nc4 38.Rxa7 Rb6 39.Ra6 1-0

[Event "candidates (w)"]
[Site "Tsqaltubo URS"]
[Date "1988.??.??"]
[Round "5"]
[White "Akhmilovskaya, Elena"]
[Black "Litinskaya, Marta"]
[Result "1/2-1/2"]
[WhiteElo "2400"]
[BlackElo "2415"]
[EventDate "1988.01.??"]
[PlyCount "124"]

1.d4 Nf6 2.g3 e6 3.Bg2 c5 4.Nf3 d5 5.O-O Be7 6.c4 dxc4 7.Na3 Nc6 8.dxc5 
O-O 9.Nxc4 Bxc5 10.a3 b5 11.Nfe5 Nxe5 12.Nxe5 Nd5 13.Qb3 Qb6 14.Bd2 Rd8 
15.Qf3 f6 16.Nd3 Bf8 17.e4 Nc7 18.Be3 Qb8 19.Nc5 e5 20.Rfd1 Ne6 21.Rxd8 
Nxd8 22.Qd1 Bxc5 23.Qxd8+ Bf8 24.Rc1 a6 25.Qd5+ Kh8 26.Qf7 Qd6 27.Bc5 Be6 
28.Bxd6 Bxf7 29.Bxf8 Rxf8 30.Rc6 Ra8 31.Bf1 Kg8 32.f3 Kf8 33.Kf2 Ra7 34.
Ke3 Ke7 35.Bh3 Be8 36.Rb6 Bd7 37.Bf1 Bc8 38.Rc6 Bd7 39.Rb6 Bc8 40.Rc6 Bd7 
41.Rc3 Kd6 42.f4 Rc7 43.fxe5+ fxe5 44.Rd3+ Ke7 45.Rd5 Be6 46.Rxe5 Kf6 47.
Rh5 Rc2 48.e5+ Kf7 49.b4 h6 50.Kd4 Ra2 51.Rh4 Rxa3 52.Kc5 Ke7 53.Kb6 Bd5 
54.Bh3 Bc4 55.Rd4 Be6 56.Bf1 Ra4 57.Kc5 Ra2 58.h4 Bd7 59.g4 a5 60.Bxb5 
Bxb5 61.Kxb5 axb4 62.Kxb4 Re2 1/2-1/2

[Event "candidates (w)"]
[Site "Tsqaltubo URS"]
[Date "1988.??.??"]
[Round "6"]
[White "Arakhamia, Ketevan"]
[Black "Alexandria, Nana"]
[Result "0-1"]
[WhiteElo "2420"]
[BlackElo "2415"]
[EventDate "1988.01.??"]
[PlyCount "75"]

1.d4 Nf6 2.c4 e6 3.Nc3 Bb4 4.Bg5 h6 5.Bh4 c5 6.d5 d6 7.e3 Bxc3+ 8.bxc3 e5 
9.f3 Qe7 10.Bd3 g5 11.Bg3 h5 12.h4 g4 13.Qc2 Rg8 14.Ne2 Nbd7 15.a4 a5 16.
Rb1 Ra6 17.Bf5 Kd8 18.Rb5 gxf3 19.gxf3 Ne8 20.Bf2 Kc7 21.Ng3 Ng7 22.Ke2 
Nxf5 23.Nxf5 Qf8 24.Ng3 Nb6 25.Qb3 Bd7 26.Ne4 Qh6 27.Rxc5+ dxc5 28.d6+ Kb8
29.Nxc5 Qxd6 30.Nxa6+ bxa6 31.Rd1 Qc7 32.c5 Bxa4 33.cxb6 Bxb3 34.bxc7+ 
Kxc7 35.Rb1 a4 36.e4 Kc8 37.f4 Re8 38.Kf3 0-1

[Event "candidates (w)"]
[Site "Tsqaltubo URS"]
[Date "1988.??.??"]
[Round "6"]
[White "Ioseliani, Nana"]
[Black "Litinskaya, Marta"]
[Result "1/2-1/2"]
[WhiteElo "2455"]
[BlackElo "2415"]
[EventDate "1988.01.??"]
[PlyCount "87"]

1.e4 e5 2.Nf3 Nc6 3.Bb5 a6 4.Ba4 Nf6 5.O-O Nxe4 6.d4 Be7 7.Re1 b5 8.d5 Nc5
9.Bb3 Na5 10.Nxe5 d6 11.Nf3 O-O 12.c3 Naxb3 13.axb3 Bg4 14.b4 Nd7 15.h3 
Bh5 16.g4 Bg6 17.Nd4 Bh4 18.Nd2 Ne5 19.N2f3 Re8 20.Nxe5 dxe5 21.Nf3 e4 22.
Nxh4 Qxh4 23.Kg2 Qf6 24.Be3 Red8 25.Qd4 Qf3+ 26.Kh2 f5 27.Qe5 fxg4 28.Qe6+
Bf7 29.Qxg4 Qxg4 30.hxg4 Bxd5 31.Red1 Bb7 32.Rxd8+ Rxd8 33.Re1 Kf7 34.Kg3 
Rd3 35.Rh1 h6 36.Rh5 Bd5 37.Rf5+ Ke6 38.Rf8 Rd1 39.Rb8 Kf7 40.Rc8 Rg1+ 41.
Kh3 Be6 42.Rxc7+ Kg8 43.Re7 Bxg4+ 44.Kh2 1/2-1/2

[Event "candidates (w)"]
[Site "Tsqaltubo URS"]
[Date "1988.??.??"]
[Round "7"]
[White "Akhmilovskaya, Elena"]
[Black "Brustman, Agnieszka"]
[Result "1-0"]
[WhiteElo "2400"]
[BlackElo "2395"]
[EventDate "1988.01.??"]
[PlyCount "81"]

1.d4 Nf6 2.c4 g6 3.Nc3 Bg7 4.e4 d6 5.Nf3 O-O 6.Be2 e5 7.O-O Nc6 8.d5 Ne7 
9.Nd2 a5 10.Rb1 c5 11.a3 Ne8 12.b4 axb4 13.axb4 b6 14.bxc5 bxc5 15.Nb3 f5 
16.Bg5 Bf6 17.Bd2 Kh8 18.Ra1 Rxa1 19.Qxa1 Ng8 20.Qa8 Bg7 21.Na5 Nef6 22.
Nc6 Qd7 23.exf5 Qxf5 24.Qa3 Ne8 25.Nb5 Qf6 26.f4 e4 27.Qe3 Bf5 28.g4 Bd7 
29.Qxe4 Qh4 30.Qg2 Qf6 31.Qf3 g5 32.fxg5 Qg6 33.Qxf8 Bxf8 34.Rxf8 Bxc6 35.
Bc3+ Ng7 36.dxc6 Qxg5 37.c7 Qe3+ 38.Kf1 Qh3+ 39.Ke1 Qh4+ 40.Kd1 Qxh2 41.
Rxg8+ 1-0

[Event "candidates (w)"]
[Site "Tsqaltubo URS"]
[Date "1988.??.??"]
[Round "7"]
[White "Alexandria, Nana"]
[Black "Ioseliani, Nana"]
[Result "1-0"]
[WhiteElo "2415"]
[BlackElo "2455"]
[EventDate "1988.01.??"]
[PlyCount "79"]

1.d4 e6 2.c4 f5 3.Nf3 Nf6 4.g3 d5 5.Bg2 c6 6.O-O Bd6 7.Nc3 O-O 8.Qc2 Bd7 
9.Bg5 Be8 10.Rac1 Kh8 11.a3 Bh5 12.cxd5 cxd5 13.Nb5 Nc6 14.Nxd6 Qxd6 15.
Bxf6 Rxf6 16.e3 Rff8 17.Qc5 Qd7 18.Rc3 Rfc8 19.Rfc1 Bxf3 20.Bxf3 Kg8 21.
Qb5 a6 22.Qb6 Qc7 23.Qxc7 Rxc7 24.Be2 Kf8 25.f4 Ke7 26.Kf2 Kd6 27.g4 g6 
28.h4 Rac8 29.g5 Na5 30.Rc5 Nb3 31.Rxc7 Rxc7 32.Rxc7 Kxc7 33.Ke1 Na5 34.h5
Kd6 35.h6 Nc4 36.Bh5 Nxe3 37.Bxg6 Ng2+ 38.Kd2 Nxf4 39.Bxh7 Ke7 40.g6 1-0

[Event "candidates (w)"]
[Site "Tsqaltubo URS"]
[Date "1988.??.??"]
[Round "8"]
[White "Litinskaya, Marta"]
[Black "Brustman, Agnieszka"]
[Result "0-1"]
[WhiteElo "2415"]
[BlackElo "2395"]
[EventDate "1988.01.??"]
[PlyCount "58"]

1.d4 Nf6 2.c4 g6 3.Nc3 Bg7 4.e4 d6 5.Nf3 O-O 6.h3 e5 7.d5 Nbd7 8.Be3 Nc5 
9.Nd2 a5 10.g4 Ne8 11.h4 f5 12.gxf5 gxf5 13.Qe2 Ne6 14.dxe6 f4 15.Bh3 fxe3
16.Qxe3 c6 17.Nf3 Nc7 18.Ng5 Rf6 19.Bf5 Nxe6 20.Bxh7+ Kh8 21.O-O-O Nd4 22.
f4 Qb6 23.Kb1 Rxf4 24.Rhf1 Bg4 25.Rde1 Raf8 26.Qg1 Qb4 27.Bg6 Qxc4 28.Nf7+
R8xf7 29.Bxf7 Qd3+ 0-1

[Event "candidates (w)"]
[Site "Tsqaltubo URS"]
[Date "1988.??.??"]
[Round "9"]
[White "Arakhamia, Ketevan"]
[Black "Litinskaya, Marta"]
[Result "0-1"]
[WhiteElo "2420"]
[BlackElo "2415"]
[EventDate "1988.01.??"]
[PlyCount "90"]

1.d4 Nf6 2.c4 e6 3.Nc3 Bb4 4.Bg5 h6 5.Bh4 c5 6.d5 d6 7.e3 g5 8.Bg3 Ne4 9.
Ne2 h5 10.dxe6 Bxe6 11.Qd3 Nxg3 12.Nxg3 Nc6 13.O-O-O Ne5 14.Qc2 Qa5 15.Nb5
Qxa2 16.Nxd6+ Ke7 17.Ngf5+ Kf6 18.Ne4+ Kg6 19.Ne7+ Kg7 20.Nxg5 Qa1+ 21.Qb1
Qxb1+ 22.Kxb1 Kf6 23.Nd5+ Kxg5 24.f4+ Kf5 25.g3 Rad8 26.fxe5 Kxe5 27.Bg2 
h4 28.Bf3 b6 29.g4 Ba5 30.Kc2 Rd7 31.Rhf1 Rg8 32.h3 f5 33.gxf5 Bxf5+ 34.
Kb3 b5 35.cxb5 Bxh3 36.Rg1 Bg4 37.Bxg4 Rdg7 38.Rgf1 Rxg4 39.Nf6 Rb4+ 40.
Ka3 Rg3 41.Nd7+ Ke4 42.Nxc5+ Kxe3 43.Rfe1+ Kf2+ 44.Nd3+ Rxd3+ 45.Rxd3 Kxe1
0-1

[Event "candidates (w)"]
[Site "Tsqaltubo URS"]
[Date "1988.??.??"]
[Round "10"]
[White "Litinskaya, Marta"]
[Black "Alexandria, Nana"]
[Result "0-1"]
[WhiteElo "2415"]
[BlackElo "2415"]
[EventDate "1988.01.??"]
[PlyCount "70"]

1.d4 Nf6 2.c4 e6 3.Nf3 d5 4.Nc3 Bb4 5.Bg5 dxc4 6.e4 c5 7.Bxc4 cxd4 8.Nxd4 
Bxc3+ 9.bxc3 Qa5 10.Bb5+ Bd7 11.Bxf6 gxf6 12.Qb3 a6 13.Bxd7+ Nxd7 14.Nxe6 
fxe6 15.Qxe6+ Kd8 16.Rd1 Qb5 17.Qxf6+ Kc7 18.Qd6+ Kc8 19.c4 Qa5+ 20.Rd2 
Rd8 21.Ke2 Qg5 22.g3 a5 23.f4 Qg4+ 24.Ke3 Ra6 25.Qd5 Re8 26.Rb1 Rc6 27.Kf2
Nc5 28.e5 Qf5 29.Re1 h5 30.Qf3 Ne6 31.Rb2 Re7 32.Reb1 Rcc7 33.Kg2 Nd4 34.
Qd5 Ne6 35.Qxa5 Qe4+ 0-1

[Event "candidates (w)"]
[Site "Tsqaltubo URS"]
[Date "1988.??.??"]
[Round "10"]
[White "Ioseliani, Nana"]
[Black "Brustman, Agnieszka"]
[Result "1-0"]
[WhiteElo "2455"]
[BlackElo "2395"]
[EventDate "1988.01.??"]
[PlyCount "113"]

1.e4 e5 2.Nf3 Nc6 3.Bb5 Bc5 4.O-O Nd4 5.Nxd4 Bxd4 6.c3 Bb6 7.d4 c6 8.Ba4 
d6 9.Na3 Nf6 10.Nc4 Bc7 11.Bc2 Qe7 12.Re1 Be6 13.Ne3 O-O 14.Qf3 g6 15.Nf1 
Nh5 16.Bh6 Ng7 17.Ng3 f6 18.Rad1 Rf7 19.h4 c5 20.dxc5 dxc5 21.Qe2 c4 22.h5
b5 23.Bc1 a5 24.h6 Ne8 25.Nf1 Bb6 26.Be3 Qc7 27.Bxb6 Qxb6 28.Ne3 Rd8 29.
Nd5 Bxd5 30.exd5 Qc5 31.Qg4 f5 32.Qg5 Qe7 33.Qe3 Nf6 34.Qxe5 Qxe5 35.Rxe5 
Ng4 36.Re6 Rfd7 37.f3 Nxh6 38.a4 Rxd5 39.Rde1 b4 40.cxb4 axb4 41.Rc6 b3 
42.Bb1 Rd1 43.Kf1 R8d2 44.Rxc4 Rxe1+ 45.Kxe1 Rxb2 46.Rc1 Rxg2 47.a5 Nf7 
48.a6 Ne5 49.Rc8+ Kg7 50.a7 Rg1+ 51.Ke2 Rxb1 52.a8=Q b2 53.Rb8 Rh1 54.Rb7+
Kh6 55.Qf8+ Kg5 56.Qe7+ Kf4 57.Rb4+ 1-0

[Event "candidates (w)"]
[Site "Tsqaltubo URS"]
[Date "1988.??.??"]
[Round "10"]
[White "Akhmilovskaya, Elena"]
[Black "Levitina, Irina"]
[Result "1-0"]
[WhiteElo "2400"]
[BlackElo "2355"]
[EventDate "1988.01.??"]
[PlyCount "95"]

1.d4 Nf6 2.c4 g6 3.Nf3 Bg7 4.Nc3 d5 5.Qb3 dxc4 6.Qxc4 O-O 7.e4 a6 8.Be2 b5
9.Qb3 c5 10.dxc5 Nbd7 11.e5 Nxc5 12.Qb4 Nfd7 13.O-O Bb7 14.Rd1 Qc8 15.Be3 
a5 16.Qh4 Nxe5 17.Nxe5 Bxe5 18.Rac1 Bf6 19.Qg3 Ne6 20.Bxb5 Qb8 21.Qxb8 
Raxb8 22.Bc4 Rfd8 23.Rxd8+ Rxd8 24.Bb6 Rd2 25.Bxa5 Rxb2 26.Na4 Bg5 27.Nxb2
Bxc1 28.Nd3 Ba3 29.Bb4 Bxb4 30.Nxb4 Nc5 31.f4 Kg7 32.Kf2 e6 33.g3 Kf6 34.
Ke3 Ke7 35.Nd3 Kd6 36.Kd4 Nxd3 37.Bxd3 f6 38.a4 e5+ 39.fxe5+ fxe5+ 40.Ke3 
Kc5 41.a5 Bc6 42.h4 Bd5 43.g4 Bc6 44.g5 Bd5 45.Be2 Bc6 46.a6 e4 47.Bf1 Kd5
48.Bh3 1-0

[Event "candidates (w)"]
[Site "Tsqaltubo URS"]
[Date "1988.??.??"]
[Round "11"]
[White "Arakhamia, Ketevan"]
[Black "Brustman, Agnieszka"]
[Result "1/2-1/2"]
[WhiteElo "2420"]
[BlackElo "2395"]
[EventDate "1988.01.??"]
[PlyCount "91"]

1.d4 Nf6 2.c4 g6 3.Nc3 Bg7 4.e4 d6 5.Nf3 O-O 6.Be2 e5 7.O-O Nc6 8.Be3 Ng4 
9.Bg5 f6 10.Bh4 g5 11.Bg3 Nh6 12.dxe5 fxe5 13.Nd5 Nf7 14.Rc1 Be6 15.h3 Nh8
16.c5 Ng6 17.Nxc7 Qxc7 18.Nxg5 Nd4 19.Nxe6 Nxe6 20.Qd5 Qf7 21.Bc4 Rfe8 22.
cxd6 Kh8 23.d7 Re7 24.Qxb7 Rd8 25.Rfd1 Rdxd7 26.Rxd7 Rxd7 27.Qc8+ Ngf8 28.
Bxe5 Rd2 29.Bg3 h5 30.Bxe6 Qxe6 31.Qxe6 Nxe6 32.Rc6 Nd4 33.Rc5 Rxb2 34.
Rxh5+ Kg8 35.Ra5 Ne2+ 36.Kh2 Bd4 37.a4 Ra2 38.Bb8 Bxf2 39.h4 Ra3 40.g4 
Bxh4 41.Rxa7 Be1 42.g5 Bd2 43.Be5 Bf4+ 44.Bxf4 Nxf4 45.Ra5 Kg7 46.Rf5 
1/2-1/2

[Event "candidates (w)"]
[Site "Tsqaltubo URS"]
[Date "1988.??.??"]
[Round "13"]
[White "Litinskaya, Marta"]
[Black "Ioseliani, Nana"]
[Result "0-1"]
[WhiteElo "2415"]
[BlackElo "2455"]
[EventDate "1988.01.??"]
[PlyCount "64"]

1.d4 Nf6 2.c4 e6 3.Nf3 c5 4.d5 exd5 5.cxd5 Bd6 6.Nc3 Bc7 7.e4 d6 8.Be2 O-O
9.O-O Re8 10.Nd2 a6 11.a4 Nbd7 12.f3 Rb8 13.b3 Nf8 14.Bb2 Ng6 15.f4 Bd7 
16.g3 b5 17.axb5 axb5 18.Bf3 Qc8 19.Rc1 Ra8 20.Re1 Bb6 21.Ne2 Ng4 22.Nf1 
Ra2 23.Rc2 Rxb2 24.Rxb2 c4+ 25.Nd4 Qc5 26.Rd2 c3 27.Rd3 c2 28.Qd2 N4e5 29.
fxe5 Nxe5 30.Ne3 Nxd3 31.Nexc2 Nxe1 32.Qxe1 Qxc2 0-1